000 00748nam a22002055i 4500
001 170351
003 ES-MaACL
005 20250521063442.0
008 090226q1900 fr 000 d fre d
080 _a782.1
100 1 _aWagner, Richard,
_d1813-1883
_9240522
245 1 0 _aSiegfried :
_bdeuxième journée de la trilogie L'anneau du Nibelung /
_cpar Richard Wagner ; traduction française en prose rythmée par Alfred Ernst.
260 _aParis :
_bSchott,
_c[ca. 1900]
300 _aVI, 101,10 p. ;
_c19 cm.
650 4 _aÓperas-
_vLibretos.
_9137584
700 1 _aErnst, Alfred.
_9139543
740 2 2 _aL'anneau du Nibelung.
852 4 _aES-MaACL
_j2250-F-4
_z- Biblioteca Jacinto Martínez Lacalle
999 _c170351
_d170351